00691nam a2200193Ia 4500008004100000020001100041040001900052041001200071082002700083245012800110260007500238300002300313504001900336630001400355630002500369650002500394651005800419850002000477131103s9999 xx 000 0 und d cRs 787 aLoreto College aEnglish a370.7/NATbLCLIB/45201 aFifth Survey of Educational Research b 1988-92 Abstracts Volume II cNational Council of Educational Research and Training aNew DelhibNational Council of Educational Research and Trainingc2000 axii,2004p c 27 cm aIncludes index aEducation aEducational Research aEducational Training aNational Council of Educational Research and Training aLCLIB/370.7/NAT